书目信息 |
| 题名: |
她们……
|
|
| 作者: | 张文灿 著 | |
| 分册: | ||
| 出版信息: | 北京 企业管理出版社 2017.11 |
|
| 页数: | 287页 | |
| 开本: | 21cm | |
| 丛书名: | ||
| 单 册: | ||
| 中图分类: | C913.68 | |
| 科图分类: | ||
| 主题词: | 妇女人类学--fu nv ren lei xue--研究 | |
| 电子资源: | ||
| ISBN: | 978-7-5164-1599-3 | |
| 000 | 01082nam0 2200253 450 | |
| 001 | 2377096862 | |
| 005 | 20231122212510.78 | |
| 010 | @a978-7-5164-1599-3@dCNY38.00 | |
| 100 | @a20171220d2017 em y0chiy50 ea | |
| 101 | 0 | @achi |
| 102 | @aCN@b110000 | |
| 105 | @ay z 000yy | |
| 200 | 1 | @a她们……@Ata men ……@e女性的镜像与觉知@f张文灿著 |
| 210 | @a北京@c企业管理出版社@d2017.11 | |
| 215 | @a287页@d21cm | |
| 300 | @a北京高校中国特色社会主义理论研究协同创新中心 (中国政法大学) 阶段性成果 | |
| 314 | @a张文灿, 女, 祖籍河南太康, 出生于新疆奎屯。 | |
| 330 | @a本书选取中国和西方近代以来的一些具有代表性的知识女性, 以她们的人生经历为“经”, 经典文本为“纬”, 并从书与影、他者的镜像与自我成长的互视中, 呈现与觉知女性个体生命与其所处环境及社会变迁之间的复杂关系, 以期在纷繁嘈杂的大时代中, 守一份内心的清净, 做一个平和有光的女子。 | |
| 517 | 1 | @a女性的镜像与觉知@Anv xing de jing xiang yu jue zhi |
| 606 | 0 | @a妇女人类学@Afu nv ren lei xue@x研究 |
| 690 | @aC913.68@v5 | |
| 701 | 0 | @a张文灿@Azhang wen can@4著 |
| 801 | 0 | @aCN@b人天书店@c20171220 |
| 905 | @aBZT@dC913.68@e17 | |
| 她们……:女性的镜像与觉知/张文灿著.-北京:企业管理出版社,2017.11 |
| 287页;21cm |
| 北京高校中国特色社会主义理论研究协同创新中心 (中国政法大学) 阶段性成果 |
| ISBN 978-7-5164-1599-3:CNY38.00 |
| 本书选取中国和西方近代以来的一些具有代表性的知识女性, 以她们的人生经历为“经”, 经典文本为“纬”, 并从书与影、他者的镜像与自我成长的互视中, 呈现与觉知女性个体生命与其所处环境及社会变迁之间的复杂关系, 以期在纷繁嘈杂的大时代中, 守一份内心的清净, 做一个平和有光的女子。 |
| ● |
| 相关链接 |
|
|
|
正题名:她们……
索取号:C913.68/17
 
预约/预借
| 序号 | 登录号 | 条形码 | 馆藏地/架位号 | 状态 | 备注 |
| 1 | 2001075105 | 2001075105 | 东辅楼二楼书库/ [索取号:C913.68/17] | 在馆 | |
| 2 | 2001075106 | 2001075106 | 东辅楼二楼书库/ [索取号:C913.68/17] | 在馆 | |
| 3 | 2001075107 | 2001075107 | 东辅楼二楼书库/ [索取号:C913.68/17] | 在馆 | |
| 4 | 2001075108 | 2001075108 | 东辅楼二楼书库/ [索取号:C913.68/17] | 在馆 | |
| 5 | 2001075109 | 2001075109 | 东辅楼二楼书库/ [索取号:C913.68/17] | 在馆 | |
| 6 | 2001075110 | 2001075110 | 东辅楼二楼书库/ [索取号:C913.68/17] | 在馆 | |
| 7 | 2001075111 | 2001075111 | 东辅楼二楼书库/ [索取号:C913.68/17] | 在馆 | |
| 8 | 2001075112 | 2001075112 | 东辅楼二楼书库/ [索取号:C913.68/17] | 在馆 | |
| 9 | 2001075113 | 2001075113 | 东辅楼二楼书库/ [索取号:C913.68/17] | 在馆 | |
| 10 | 2001075114 | 2001075114 | 东辅楼二楼书库/ [索取号:C913.68/17] | 在馆 | |
| 11 | 2001075115 | 2001075115 | 东辅楼二楼书库/ [索取号:C913.68/17] | 在馆 | |
| 12 | 2001075116 | 2001075116 | 东辅楼二楼书库/ [索取号:C913.68/17] | 在馆 | |
| 13 | 2001075117 | 2001075117 | 东辅楼二楼书库/ [索取号:C913.68/17] | 在馆 | |
| 14 | 2001075118 | 2001075118 | 东辅楼二楼书库/ [索取号:C913.68/17] | 在馆 | |
| 15 | 2001075119 | 2001075119 | 东辅楼二楼书库/ [索取号:C913.68/17] | 在馆 | |
| 16 | 2001075120 | 2001075120 | 东辅楼二楼书库/ [索取号:C913.68/17] | 在馆 | |
| 17 | 2001075121 | 2001075121 | 东辅楼二楼书库/ [索取号:C913.68/17] | 在馆 | |
| 18 | 2001075122 | 2001075122 | 东辅楼二楼书库/ [索取号:C913.68/17] | 在馆 | |
| 19 | 2001075123 | 2001075123 | 东辅楼二楼书库/ [索取号:C913.68/17] | 在馆 | |
| 20 | 2001075124 | 2001075124 | 东辅楼二楼书库/ [索取号:C913.68/17] | 在馆 | |
| 21 | 2001075125 | 2001075125 | 东辅楼二楼书库/ [索取号:C913.68/17] | 在馆 | |
| 22 | 2001075126 | 2001075126 | 东辅楼二楼书库/ [索取号:C913.68/17] | 在馆 | |
| 23 | 2001075127 | 2001075127 | 东辅楼二楼书库/ [索取号:C913.68/17] | 在馆 | |
| 24 | 2001075128 | 2001075128 | 东辅楼二楼书库/ [索取号:C913.68/17] | 在馆 | |
| 25 | 2001075129 | 2001075129 | 东辅楼二楼书库/ [索取号:C913.68/17] | 在馆 | |
| 26 | 2001075130 | 2001075130 | 东辅楼二楼书库/ [索取号:C913.68/17] | 在馆 | |
| 27 | 2001075131 | 2001075131 | 东辅楼二楼书库/ [索取号:C913.68/17] | 在馆 | |
| 28 | 2001075132 | 2001075132 | 东辅楼二楼书库/ [索取号:C913.68/17] | 在馆 | |
| 29 | 2001075133 | 2001075133 | 东辅楼二楼书库/ [索取号:C913.68/17] | 在馆 | |
| 30 | 2001075134 | 2001075134 | 东辅楼二楼书库/ [索取号:C913.68/17] | 在馆 |